| 000 | 00661nam a2200217 a 4500 | ||
|---|---|---|---|
| 005 | 20240228063846.0 | ||
| 008 | 031021s1993 mx r 000 0 spa d | ||
| 020 | _a9681641159 | ||
| 035 | _aUPN01000130289 | ||
| 049 | _aI | ||
| 050 | 4 |
_aPZ71 _bR6.3 |
|
| 100 | 1 |
_aRoss, Tony _932982 |
|
| 245 | 1 | 3 |
_aUn cuento de hadas / _cTony Ross ; tr. Catalina Domínguez. |
| 260 |
_aMéxico : _bFCE, _c1993. |
||
| 300 |
_a[27] p. : _bprincipalmente il. col. |
||
| 440 | 4 | _aLos especiales de a la orilla del viento | |
| 534 |
_pTraducción de: _tA fairy tale |
||
| 650 | 4 |
_aCuentos infantiles _96744 |
|
| 650 | 4 |
_aLibros y lectura para niños _92290 |
|
| 905 | _aInfantil | ||
| 999 |
_c102446 _d102446 |
||